000 01398nam a2200253 a 4500
001 82872
003 BD-RjUL
005 20240130154704.0
008 240130s1991 bg ||||| m||| 00| 0 ben d
035 _a(BD-RjUL)82872
040 _aBD-RjUL
_bben / eng
_cBD-RjUL
_dBD-RjUL
041 _aben
082 _223
_a297.12259144
_bRHB 1991
100 _aরহমান, মুহাম্মদ মুজিবুর
_911286
245 1 0 _aবাংলা ভাষায় কুরআন চর্চা /
_cমুহাম্মদ মুজিবুর রহমান ;
_6গবেষণা নির্দেশক : আফতাব আহমদ রহমানী
260 _aরাজশাহী :
_bআরবী বিভাগ, রাজশাহী বিশ্ববিদ্যালয়,
_c১৯৯১
300 _a[ঠ], ৪৪৯ পাতা ;
_c২৯ সেমি.
502 _aথিসিস (পিএইচ. ডি.) -- আরবী বিভাগ, রাজশাহী বিশ্ববিদ্যালয়, ১৯৯১
504 _aগ্রন্থপঞ্জী : পাতা ৪১৯-৪৪৯
650 _aইসলাম
_vআরবী সাহিত্য
_97294
650 _aIslam
_vArabic literature
_96927
700 _aরহমানী, আফতাব আহমদ ,গবেষণা নির্দেশক
_911287
942 _2ddc
_cTHE
999 _c82872
_d82872